Top Five Villains From Each Season of 24 Quiz Stats

 Plays Quiz not verified by Sporcle

Also try: TV Name Swap
Challenge
Share
Tweet
Embed
Score 0/35 Timer 12:00
0 Plays Today
% Correct
Nina Myers
78.7%
Nina Myers
78.7%
Victor Drazen
76.2%
Habib Marwan
75.2%
Charles Logan
71.8%
Ira Gaines
65.3%
Andre Drazen
64.9%
Stephen Saunders
63.9%
Alexis Drazen
62.9%
Ramon Salazar
60.9%
Hector Salazar
59.9%
Tony Almeida
56.4%
Christopher Henderson
55.4%
Graem Bauer
53%
Graem Bauer
53%
Abu Fayed
52.5%
Phillip Bauer
51%
Peter Kingsley
49%
% Correct
Marie Warner
48.5%
Michael Amador
48.5%
Mandy
47%
Mandy
47%
Syed Ali
46.5%
Ike Dubaku
46.5%
Navi Araz
45.5%
Vladimir Bierko
44.1%
Walt Cummings
40.1%
Jonas Hodges
40.1%
Alan Wilson
40.1%
Benjamin Juma
38.1%
Cheng Zhi
37.1%
Max
31.7%
Dmitri Gredenko
28.2%
Mitch Anderson
21.8%
Marianne Taylor
18.3%

You're not logged in!

Compare scores with friends on all Sporcle quizzes.
Join for Free
OR
Log In

You Might Also Like...

Show Comments

Extras

Top Quizzes Today


Score Distribution

Your Account Isn't Verified!

In order to create a playlist on Sporcle, you need to verify the email address you used during registration. Go to your Sporcle Settings to finish the process.

Report this User

Report this user for behavior that violates our Community Guidelines.

Details: